[Event "M.Chigorin Memorial"]
[Site "St. Petersburg RUS"]
[Date "2009.10.17"]
[Round "2.76"]
[White "Gerasimov, Ivan"]
[Black "Homiakova, Ekaterina"]
[Result "1-0"]
[WhiteElo "2344"]
[BlackElo "2122"]
[PlyCount "97"]
[EventDate "2009.??.??"]

1. e4 c5 2. Nf3 Nc6 3. d4 cxd4 4. Nxd4 g6 5. Nc3 Bg7 6. Be3 Nf6 7. Bc4 Qa5 8.
O-O O-O 9. Bb3 d6 10. h3 Bd7 11. Re1 Rfc8 12. Nf3 Be8 13. Qe2 b5 14. a3 b4 15.
Nd5 bxa3 16. Rxa3 Qd8 17. Bg5 e6 18. Nxf6+ Bxf6 19. Bxf6 Qxf6 20. c3 a5 21. Rd1
Qe7 22. Qd2 Rd8 23. Qh6 Qf8 24. Qf4 Qe7 25. h4 h5 26. Ra2 Rab8 27. Bc2 Rb7 28.
g3 Kh7 29. b3 Rc7 30. Kg2 Na7 31. Rd3 Rc5 32. Bd1 Nc6 33. Rad2 Kg7 34. Qe3 Ne5
35. Nxe5 Rxe5 36. Qd4 f6 37. Qb6 d5 38. exd5 Rdxd5 39. Rxd5 exd5 40. Bf3 Bf7
41. Rd4 Qa3 42. Ra4 Qb2 43. Rf4 f5 44. Qc7 Kf6 45. Qxa5 Qxb3 46. Rb4 Qc2 47.
Qd8+ Kg7 48. Qc7 Kf6 49. Rb7 1-0

[Event "M.Chigorin Memorial"]
[Site "St. Petersburg RUS"]
[Date "2009.10.17"]
[Round "2.77"]
[White "Ponomarev, Dmitry"]
[Black "Kuzevanova, Evgenia"]
[Result "1-0"]
[WhiteElo "2343"]
[BlackElo "2116"]
[PlyCount "105"]
[EventDate "2009.??.??"]

1. d4 Nf6 2. Bg5 g6 3. Bxf6 exf6 4. g3 Bg7 5. Bg2 d5 6. e3 O-O 7. Ne2 c6 8. O-O
Nd7 9. c4 dxc4 10. Na3 Nb6 11. Qc2 f5 12. Nxc4 Nxc4 13. Qxc4 Be6 14. Qb4 Qb6
15. Qc3 Rad8 16. Nf4 Rfe8 17. b4 Bf8 18. a3 Bd6 19. Nd3 Bb8 20. a4 Bd5 21. Bxd5
Rxd5 22. a5 Qa6 23. b5 cxb5 24. Nb4 Qe6 25. Nxd5 Qxd5 26. a6 Bd6 27. axb7 Qxb7
28. Qa5 b4 29. Qxa7 Qe4 30. Qd7 Bf8 31. Ra5 h5 32. Qd5 Qe7 33. h4 Rd8 34. Qc4
Qd7 35. Rc1 f4 36. exf4 Qxd4 37. Qxd4 Rxd4 38. f5 Rd2 39. fxg6 fxg6 40. Rb5 Rd7
41. Rc6 Kh7 42. Rcb6 Kg7 43. Rb7 Rxb7 44. Rxb7+ Kf6 45. Kf1 Bd6 46. Rb5 Ke6 47.
Ke2 Kf6 48. Kd3 Ke6 49. Ke4 Bf8 50. Rb6+ Kf7 51. Kd5 Be7 52. Ke5 g5 53. hxg5
1-0

[Event "M.Chigorin Memorial"]
[Site "St. Petersburg RUS"]
[Date "2009.10.17"]
[Round "2.78"]
[White "Gadzhiev, Yaroslav"]
[Black "Zanan, Evgeny"]
[Result "0-1"]
[WhiteElo "2326"]
[BlackElo "2111"]
[PlyCount "99"]
[EventDate "2009.??.??"]

1. e4 c5 2. Nf3 e6 3. c3 d5 4. e5 d4 5. Bb5+ Bd7 6. Bxd7+ Qxd7 7. d3 Nc6 8. c4
Nge7 9. O-O Ng6 10. Re1 Be7 11. Na3 O-O 12. g3 Bd8 13. Re4 Bc7 14. Qe2 f5 15.
exf6 Rxf6 16. Bg5 Rf7 17. Nh4 Nxh4 18. Bxh4 e5 19. g4 Raf8 20. h3 Bd8 21. Bg3
Bg5 22. Rf1 Qd6 23. Nc2 Qh6 24. Kg2 Bh4 25. Bxh4 Qxh4 26. Ne1 Ne7 27. Rxe5 Ng6
28. Re4 Nf4+ 29. Rxf4 Rxf4 30. f3 R4f7 31. Qe6 Qe7 32. Qxe7 Rxe7 33. Nc2 Re2+
34. Rf2 Rfe8 35. b4 b6 36. a3 g5 37. Kf1 Rxf2+ 38. Kxf2 Kf7 39. a4 Kf6 40. a5
Ke5 41. axb6 axb6 42. bxc5 bxc5 43. Ne1 Rb8 44. Kg3 Rb2 45. Ng2 Re2 46. h4 h6
47. Kh3 Rd2 48. hxg5 hxg5 49. f4+ gxf4 50. Kh4 0-1

[Event "M.Chigorin Memorial"]
[Site "St. Petersburg RUS"]
[Date "2009.10.17"]
[Round "2.79"]
[White "Gantsevich, Aleksei"]
[Black "Duzhakov, Ilya"]
[Result "0-1"]
[WhiteElo "2096"]
[BlackElo "2321"]
[PlyCount "50"]
[EventDate "2009.??.??"]

1. e4 c5 2. Nf3 d6 3. d4 Nf6 4. Nc3 cxd4 5. Nxd4 a6 6. Bg5 e6 7. f4 Nbd7 8. Be2
Qc7 9. O-O Be7 10. Kh1 O-O 11. Bf3 Nb6 12. Nb3 Nc4 13. Qc1 Bd7 14. a4 Rac8 15.
Ne2 Rfe8 16. Ng3 h6 17. Bxf6 Bxf6 18. e5 dxe5 19. Ne4 exf4 20. Nxf6+ gxf6 21.
Be4 Ne3 22. Rf2 f5 23. Bf3 Nxc2 24. Rb1 Bxa4 25. Nd2 Nb4 0-1

[Event "M.Chigorin Memorial"]
[Site "St. Petersburg RUS"]
[Date "2009.10.17"]
[Round "2.80"]
[White "Pecheritsa, Vitaly"]
[Black "Volokushin, Dmitry"]
[Result "1-0"]
[WhiteElo "2319"]
[BlackElo "2102"]
[PlyCount "103"]
[EventDate "2009.??.??"]

1. e4 c5 2. c3 d5 3. exd5 Qxd5 4. d4 cxd4 5. cxd4 e6 6. Nc3 Qd8 7. Nf3 Nf6 8.
Bd3 Be7 9. O-O O-O 10. Re1 Nc6 11. a3 a6 12. Be3 b6 13. Qc2 Bb7 14. Rad1 Rc8
15. Bg5 h6 16. Be3 Nd5 17. Qd2 Nxe3 18. fxe3 Na5 19. Rf1 Nc4 20. Qe2 Nxa3 21.
Rc1 Nb5 22. Nxb5 axb5 23. Rxc8 Qxc8 24. Ne5 Bd6 25. Qh5 Bxe5 26. Qxe5 Qc6 27.
Qg3 b4 28. h3 Qd5 29. Rf2 Rd8 30. Qc7 Rd7 31. Qxb6 Qg5 32. Bb5 Re7 33. Qd8+ Kh7
34. Bd3+ f5 35. Qd6 Re8 36. Qe5 Qf6 37. Bxf5+ Kh8 38. Qb5 Rf8 39. Qxb7 exf5 40.
Qxb4 Re8 41. Qd2 Qe6 42. Rf3 Qe4 43. Qc3 Rb8 44. b4 Kh7 45. Qc5 f4 46. exf4
Qe1+ 47. Rf1 Qd2 48. b5 Rd8 49. b6 Rxd4 50. Qf5+ Kh8 51. Qf8+ Kh7 52. b7 1-0

[Event "M.Chigorin Memorial"]
[Site "St. Petersburg RUS"]
[Date "2009.10.17"]
[Round "2.81"]
[White "Vorobjev, Dmitry"]
[Black "Kostiukov, Alexandr"]
[Result "1-0"]
[WhiteElo "2092"]
[BlackElo "2317"]
[PlyCount "41"]
[EventDate "2009.??.??"]

1. e4 c5 2. Nf3 g6 3. d4 cxd4 4. Nxd4 Bg7 5. Nc3 Nc6 6. Be3 Nf6 7. Bc4 Qa5 8.
O-O Qb4 9. Qe2 Ng4 10. Nd5 Nxd4 11. Bxd4 Qd6 12. Qxg4 Bxd4 13. c3 Bg7 14. Kh1
O-O 15. f4 Qc5 16. Qe2 e5 17. f5 a6 18. b4 Qa7 19. fxg6 hxg6 20. Ne7+ Kh7 21.
Bxf7 1-0

[Event "M.Chigorin Memorial"]
[Site "St. Petersburg RUS"]
[Date "2009.10.17"]
[Round "2.82"]
[White "Weisbuch, Udi"]
[Black "Zykova, Antonina"]
[Result "1/2-1/2"]
[WhiteElo "2317"]
[BlackElo "2094"]
[PlyCount "151"]
[EventDate "2009.??.??"]

1. e4 c5 2. Nf3 e6 3. d3 Nc6 4. g3 d5 5. Nbd2 Nf6 6. Bg2 Be7 7. O-O b6 8. c3
Bb7 9. a3 h6 10. Qa4 Qc7 11. exd5 Nxd5 12. d4 O-O 13. dxc5 Bxc5 14. Ne4 Be7 15.
c4 Nf6 16. Bf4 e5 17. Nxe5 Nxe5 18. Bxe5 Qxe5 19. Nxf6+ Bxf6 20. Bxb7 Rab8 21.
Bd5 Qxb2 22. Qxa7 Bd4 23. Rae1 b5 24. c5 Rbc8 25. Rc1 Bxf2+ 26. Kh1 Qd4 27. Qd7
Rcd8 28. Qf5 Rxd5 29. Qxf2 Qxf2 30. Rxf2 Rc8 31. c6 Rc7 32. Rb2 Kh7 33. Kg2 Kg6
34. Kf3 Kf5 35. Ke3 Re7+ 36. Kf3 Rc7 37. Rc3 Ke5 38. Rbc2 Kd6 39. g4 h5 40. h3
hxg4+ 41. hxg4 Rd1 42. Ke4 Re7+ 43. Kf4 Rd4+ 44. Kf3 Rc7 45. Kg3 Rd5 46. Kh4
Rd4 47. Rf2 Rc4 48. Rd3+ Kxc6 49. Kg3 f6 50. Rfd2 Kb6 51. Kf3 Rc3 52. Ke4 Re7+
53. Kf4 Rc4+ 54. Kf3 Ree4 55. g5 Rf4+ 56. Ke2 fxg5 57. Rd6+ Rc6 58. R6d5 Re6+
59. Kd1 g4 60. Rg5 Ree4 61. Rxg7 Rd4 62. Rxd4 Rxd4+ 63. Kc2 Ra4 64. Kb3 Rf4 65.
Kc3 Rf3+ 66. Kb4 Rf4+ 67. Kc3 Re4 68. Rg8 Re3+ 69. Kb4 g3 70. Rg6+ Kc7 71. Kxb5
Rxa3 72. Kc5 Kd7 73. Kd5 Ke7 74. Ke5 Kf7 75. Rg4 Ra5+ 76. Kf4 1/2-1/2

[Event "M.Chigorin Memorial"]
[Site "St. Petersburg RUS"]
[Date "2009.10.17"]
[Round "2.83"]
[White "Vastrukhin, Oleg"]
[Black "Dushin, Nikolay"]
[Result "1-0"]
[WhiteElo "2315"]
[BlackElo "2090"]
[PlyCount "103"]
[EventDate "2009.??.??"]

1. e4 c5 2. Nc3 Nc6 3. Nge2 g6 4. d3 Bg7 5. Be3 Nd4 6. Qd2 Qa5 7. f4 d6 8. Nxd4
cxd4 9. Nd1 Qc7 10. Bf2 Bg4 11. c4 e5 12. Bg3 h5 13. h3 Bd7 14. Be2 Ne7 15. O-O
Bh6 16. Qe1 f5 17. fxe5 f4 18. Bxf4 Bxf4 19. Rxf4 dxe5 20. Rf6 O-O-O 21. b4
Rdf8 22. Qh4 Qd8 23. Rxf8 Qxf8 24. Qg5 Qg7 25. Nb2 Nc6 26. c5 Be6 27. a3 Nd8
28. Rf1 Rg8 29. Rf6 Nf7 30. Qh4 Kd7 31. Rf1 Qh6 32. Bd1 Qe3+ 33. Qf2 Qxf2+ 34.
Rxf2 Ke7 35. Ba4 a6 36. Rc2 g5 37. Nc4 h4 38. Nb6 g4 39. hxg4 Rxg4 40. Nd5+ Kd8
41. Rf2 Rg6 42. Bd1 Rh6 43. a4 a5 44. bxa5 Kd7 45. Bb3 Nd8 46. Rc2 Nc6 47. a6
bxa6 48. Bc4 Nb8 49. Rb2 Kc8 50. Rb6 Nd7 51. Bxa6+ Kd8 52. Rd6 1-0

[Event "M.Chigorin Memorial"]
[Site "St. Petersburg RUS"]
[Date "2009.10.17"]
[Round "2.84"]
[White "Yankovsky, Roman"]
[Black "Ivanov, Miroslav"]
[Result "1-0"]
[WhiteElo "2314"]
[BlackElo "2090"]
[PlyCount "115"]
[EventDate "2009.??.??"]

1. e4 Nf6 2. e5 Nd5 3. d4 d6 4. Bc4 Nb6 5. Bb3 Bf5 6. Qf3 Qc8 7. Ne2 Nc6 8.
exd6 cxd6 9. c3 e6 10. O-O Na5 11. Ng3 Nxb3 12. axb3 Bg6 13. c4 Be7 14. Nc3 O-O
15. Be3 Nd7 16. Qe2 b6 17. f4 Nf6 18. Qf3 Bc2 19. Rfc1 Bxb3 20. Nce4 a5 21. Nd2
a4 22. Bf2 e5 23. fxe5 dxe5 24. Nxb3 axb3 25. Nf5 Bb4 26. dxe5 Rxa1 27. Rxa1
Nd7 28. Qxb3 Bc5 29. Bxc5 Qxc5+ 30. Qe3 Qxe3+ 31. Nxe3 Nxe5 32. b3 g6 33. Nd5
Rb8 34. Ra6 Nd7 35. Ra7 Ne5 36. Re7 Nd3 37. Re3 Nc5 38. b4 Ne6 39. Ra3 Kg7 40.
Kf2 Rb7 41. Ke3 f5 42. Ra6 Nc7 43. Nxc7 Rxc7 44. Kd4 Rd7+ 45. Ke5 Re7+ 46. Kd5
f4 47. Rxb6 g5 48. c5 g4 49. Ra6 Re2 50. c6 Rxg2 51. c7 Rd2+ 52. Ke4 Rc2 53.
Ra7 Kf6 54. Kxf4 Rc4+ 55. Ke3 Ke6 56. b5 Kd7 57. b6 Rb4 58. Ra8 1-0

[Event "M.Chigorin Memorial"]
[Site "St. Petersburg RUS"]
[Date "2009.10.17"]
[Round "2.85"]
[White "Agaragimov, Djakhangir"]
[Black "Gutyakulov, Amal"]
[Result "1-0"]
[WhiteElo "2313"]
[BlackElo "2089"]
[PlyCount "51"]
[EventDate "2009.??.??"]

1. d4 Nf6 2. Nf3 e6 3. e3 b6 4. Bd3 Bb7 5. O-O c5 6. b3 Be7 7. Bb2 Nc6 8. a3
O-O 9. Nbd2 Rc8 10. Qe2 cxd4 11. exd4 Nd5 12. g3 f5 13. c4 Nf6 14. Rad1 Qe8 15.
d5 exd5 16. cxd5 Nxd5 17. Nc4 Qh5 18. Nh4 Qg5 19. Qf3 Nd8 20. Nxf5 Nc3 21. Qe3
Rxf5 22. Bxf5 Qxf5 23. Bxc3 Ne6 24. Rxd7 Bc5 25. Qe5 Nf4 26. Qxg7# 1-0

[Event "M.Chigorin Memorial"]
[Site "St. Petersburg RUS"]
[Date "2009.10.17"]
[Round "2.86"]
[White "Orlov, Oleg"]
[Black "Mukashev, Assan"]
[Result "1/2-1/2"]
[WhiteElo "2307"]
[BlackElo "2085"]
[PlyCount "107"]
[EventDate "2009.??.??"]

1. Nf3 c5 2. c4 Nc6 3. Nc3 e5 4. g3 g6 5. Bg2 Bg7 6. O-O d6 7. d3 Nge7 8. Ne1
Be6 9. Nc2 d5 10. cxd5 Nxd5 11. Ne4 b6 12. Ng5 Bc8 13. Ne3 Nde7 14. Qa4 Bd7 15.
Qh4 h6 16. Ne4 Nc8 17. Qxd8+ Kxd8 18. Nd5 N8e7 19. Nec3 Rc8 20. f4 Be6 21. fxe5
Nxd5 22. Bxd5 Ke7 23. Bd2 Bxe5 24. Bxe6 Kxe6 25. g4 Rcd8 26. Bf4 Rd4 27. Bxe5
Nxe5 28. h3 Rhd8 29. b3 f5 30. gxf5+ gxf5 31. Rae1 Rh4 32. Kh2 Rg8 33. Rg1 Rg5
34. Rxg5 hxg5 35. Kg2 Rh7 36. Rd1 Rd7 37. a3 Kf6 38. b4 cxb4 39. axb4 f4 40. b5
Kf5 41. Kf2 Rc7 42. Rc1 Nf7 43. e4+ Ke6 44. Ke2 Nd6 45. Kd2 Rh7 46. Rg1 Nf7 47.
d4 Rxh3 48. e5 f3 49. Ne4 Kd5 50. Nf2 Rh4 51. Ke3 Nd8 52. Ng4 f2 53. Kxf2 Ne6
54. Ne3+ 1/2-1/2

[Event "M.Chigorin Memorial"]
[Site "St. Petersburg RUS"]
[Date "2009.10.17"]
[Round "2.87"]
[White "Polonsky, Pavel"]
[Black "Urjubdshzirov, Erdni"]
[Result "1-0"]
[WhiteElo "2082"]
[BlackElo "2306"]
[PlyCount "113"]
[EventDate "2009.??.??"]

1. Nf3 Nf6 2. d4 e6 3. Bg5 h6 4. Bh4 c5 5. c3 b6 6. Nbd2 Bb7 7. e3 d6 8. Bd3
Nbd7 9. O-O Be7 10. e4 Nh5 11. Bxe7 Qxe7 12. e5 cxd4 13. cxd4 dxe5 14. dxe5 O-O
15. Be4 Nc5 16. Bxb7 Nxb7 17. Ne4 Nf4 18. Qd2 Ng6 19. Qe3 Rfd8 20. Rfd1 Qb4 21.
b3 Qa3 22. Rd2 Rxd2 23. Qxd2 Rd8 24. Qc2 Nc5 25. Nxc5 bxc5 26. Qc1 Qa5 27. Qe1
Qb5 28. h3 Nf4 29. Rd1 Rd5 30. Rd2 Qd7 31. Qe3 Nd3 32. Rc2 Nxe5 33. Nxe5 Rxe5
34. Qxe5 Qd1+ 35. Kh2 Qxc2 36. Qb8+ Kh7 37. Qxa7 Qxf2 38. a4 e5 39. Qb7 f5 40.
Qf3 Qc2 41. a5 c4 42. bxc4 Qxc4 43. Qxf5+ Kg8 44. Qxe5 Qc6 45. Qb8+ Kh7 46.
Qb1+ Kh8 47. Qb6 Qc4 48. Qd6 Qa2 49. a6 Kh7 50. Qb6 Qa1 51. a7 Qe5+ 52. Kh1
Qa1+ 53. Qg1 Qa2 54. Qe3 Qb1+ 55. Kh2 Qb7 56. Qd3+ g6 57. Qa3 1-0

[Event "M.Chigorin Memorial"]
[Site "St. Petersburg RUS"]
[Date "2009.10.17"]
[Round "2.88"]
[White "Frolochkin, Vladimir"]
[Black "Androsov, Sergey"]
[Result "1/2-1/2"]
[WhiteElo "2305"]
[BlackElo "2075"]
[PlyCount "101"]
[EventDate "2009.??.??"]

1. e4 e5 2. Nf3 d6 3. d4 exd4 4. Nxd4 Nf6 5. Nc3 Be7 6. Bf4 O-O 7. Qd2 Nc6 8.
O-O-O Nxd4 9. Qxd4 a6 10. Kb1 b5 11. f3 c5 12. Qf2 b4 13. Ne2 Be6 14. g4 Qa5
15. Nc1 d5 16. g5 Nh5 17. exd5 Nxf4 18. dxe6 Nxe6 19. h4 Qc7 20. Bc4 Nd4 21. f4
Nf5 22. h5 Kh8 23. Nd3 f6 24. h6 g6 25. gxf6 Bxf6 26. Qf3 Rae8 27. Rde1 Rxe1+
28. Rxe1 Nxh6 29. Qd5 Rd8 30. Qe6 Kg7 31. Qxa6 Rd6 32. Qb5 Bd4 33. Qe8 Bf6 34.
f5 Rd8 35. Qb5 Nxf5 36. Nxc5 Nd4 37. Ne6+ Nxe6 38. Bxe6 h5 39. Bb3 Qd6 40. Qb7+
Kh6 41. Qf3 Qd4 42. c3 bxc3 43. Bc2 Qb4 44. Qe3+ Kg7 45. Qa7+ Rd7 46. Qxd7+ Kh6
47. Bb3 c2+ 48. Kxc2 Qxe1 49. Qd2+ Qxd2+ 50. Kxd2 Bxb2 51. Ke3 1/2-1/2

[Event "M.Chigorin Memorial"]
[Site "St. Petersburg RUS"]
[Date "2009.10.17"]
[Round "2.89"]
[White "Martynov, Pavel"]
[Black "Khakimov, Timur"]
[Result "1/2-1/2"]
[WhiteElo "2066"]
[BlackElo "2291"]
[PlyCount "55"]
[EventDate "2009.??.??"]

1. e4 c6 2. d4 d5 3. Nc3 dxe4 4. Nxe4 Bf5 5. Ng3 Bg6 6. h4 h6 7. Nf3 Nd7 8. h5
Bh7 9. Bd3 Bxd3 10. Qxd3 Qc7 11. Bd2 Ngf6 12. O-O-O O-O-O 13. Ne4 e6 14. g3
Nxe4 15. Qxe4 Bd6 16. c4 c5 17. Bc3 Nf6 18. Qe2 cxd4 19. Nxd4 a6 20. Kb1 Rd7
21. Rc1 Bc5 22. Nb3 Be7 23. c5 Rd5 24. f4 Qc6 25. Nd4 Qc7 26. Nb3 Qc6 27. Nd4
Qc7 28. Nb3 1/2-1/2

[Event "M.Chigorin Memorial"]
[Site "St. Petersburg RUS"]
[Date "2009.10.17"]
[Round "2.90"]
[White "Bronnikova, Elizaveta"]
[Black "Styazhkina, Anna"]
[Result "1-0"]
[WhiteElo "2290"]
[BlackElo "2059"]
[PlyCount "57"]
[EventDate "2009.??.??"]

1. e4 d5 2. exd5 Qxd5 3. Nc3 Qd6 4. d4 Nf6 5. Nf3 a6 6. g3 Bg4 7. Bg2 Nc6 8.
O-O O-O-O 9. d5 Ne5 10. Nxe5 Qxe5 11. f3 Bd7 12. Bf4 Qf5 13. Qd4 Kb8 14. g4 Qg6
15. a4 Be8 16. Be3 b6 17. a5 e5 18. Qxe5 Bd6 19. Qg5 Qxg5 20. Bxg5 Kb7 21. axb6
cxb6 22. Ne4 Be5 23. Nxf6 gxf6 24. Be3 Bb5 25. Rfb1 Rhe8 26. Kf2 Ka7 27. f4 Bc7
28. c4 Bd7 29. d6 1-0

[Event "M.Chigorin Memorial"]
[Site "St. Petersburg RUS"]
[Date "2009.10.17"]
[Round "2.91"]
[White "Panjkov, Oleg"]
[Black "Ivanov, Rostislav"]
[Result "1/2-1/2"]
[WhiteElo "2054"]
[BlackElo "2287"]
[PlyCount "121"]
[EventDate "2009.??.??"]

1. e4 c5 2. Nc3 d6 3. g3 Nc6 4. Bg2 g6 5. d3 Bg7 6. f4 e6 7. Nf3 Nge7 8. O-O
O-O 9. Be3 Rb8 10. d4 cxd4 11. Nxd4 Qb6 12. Na4 Qa5 13. Nc3 Rd8 14. Rb1 a6 15.
a3 b5 16. Nce2 Qc7 17. c3 Na5 18. Bf2 e5 19. Nc2 Nc4 20. Ne3 Be6 21. Qc2 f5 22.
Bh3 Qc8 23. Nxc4 bxc4 24. exf5 Bxf5 25. Bxf5 gxf5 26. Rfd1 Qc6 27. Rd2 Rd7 28.
Rbd1 Rbd8 29. b3 Kf7 30. fxe5 Bxe5 31. Nd4 Bxd4 32. Bxd4 cxb3 33. Qxb3+ d5 34.
Rf1 Rg8 35. Rdf2 Rd6 36. Qb4 Re6 37. Rf4 Qb5 38. Qxb5 axb5 39. Bc5 Rc8 40. Bxe7
Kxe7 41. Rxf5 Kd6 42. Rd1 Re5 43. Rf6+ Ke7 44. Rb6 Rxc3 45. Rxb5 Kd6 46. a4 Ra3
47. Ra5 Ra2 48. Ra6+ Kc5 49. Rh6 d4 50. Rxh7 Ree2 51. Rh5+ Kc4 52. Rh4 Red2 53.
Rxd2 Rxd2 54. Kf1 Kc3 55. Rh8 Ra2 56. Rc8+ Kd3 57. Re8 Rxh2 58. g4 Kd2 59. a5
Rh6 60. Ra8 Rg6 61. a6 1/2-1/2

[Event "M.Chigorin Memorial"]
[Site "St. Petersburg RUS"]
[Date "2009.10.17"]
[Round "2.92"]
[White "Valov, Ilya"]
[Black "Dolgusheva, Izabella"]
[Result "1-0"]
[WhiteElo "2274"]
[BlackElo "2057"]
[PlyCount "41"]
[EventDate "2009.??.??"]

1. d4 Nf6 2. Nf3 e6 3. g3 c5 4. Bg2 d5 5. c4 dxc4 6. Qa4+ Nc6 7. Ne5 Bd7 8.
Nxc6 Qb6 9. Nd2 Bxc6 10. Bxc6+ Qxc6 11. Qxc6+ bxc6 12. dxc5 c3 13. Nb3 Nd7 14.
bxc3 Nxc5 15. Be3 Na4 16. Kd2 Ba3 17. Kc2 Nb6 18. Na5 Nd5 19. Bd4 f6 20. e4 Ne7
21. Nc4 1-0

[Event "M.Chigorin Memorial"]
[Site "St. Petersburg RUS"]
[Date "2009.10.17"]
[Round "2.93"]
[White "Abramichev, Artyom"]
[Black "Dolzhikova, Kateryna"]
[Result "0-1"]
[WhiteElo "2019"]
[BlackElo "2272"]
[PlyCount "84"]
[EventDate "2009.??.??"]

1. e4 c5 2. Nf3 d6 3. d4 cxd4 4. Nxd4 Nf6 5. Nc3 g6 6. Be3 Bg7 7. Be2 O-O 8.
O-O Nc6 9. h3 d5 10. exd5 Nxd5 11. Nxd5 Nxd4 12. Bxd4 Qxd5 13. Bxg7 Qxd1 14.
Raxd1 Kxg7 15. Bf3 Rb8 16. Rd2 h5 17. Rfd1 Be6 18. Bd5 Bf5 19. Re2 Kf6 20. c4
Rfd8 21. Red2 b6 22. b3 Rd6 23. Kf1 Rbd8 24. Ke2 h4 25. Ke3 g5 26. Rd4 Ke5 27.
R4d2 e6 28. Bf3 Rxd2 29. Rxd2 Rxd2 30. Kxd2 Kd4 31. Bd1 Be4 32. f3 Bb1 33. Be2
Bxa2 34. Kc2 Ke3 35. Bf1 Kf2 36. Bd3 Kxg2 37. Kb2 Bxb3 38. Kxb3 Kxh3 39. f4
gxf4 40. Be4 f5 41. Bd5 e5 42. Kc3 e4 0-1

[Event "M.Chigorin Memorial"]
[Site "St. Petersburg RUS"]
[Date "2009.10.17"]
[Round "2.94"]
[White "Ivkina, Olga"]
[Black "Komarov, Andrei"]
[Result "1-0"]
[WhiteElo "2272"]
[BlackElo "2020"]
[PlyCount "69"]
[EventDate "2009.??.??"]

1. e4 c5 2. Nf3 Nc6 3. Bb5 g6 4. Bxc6 bxc6 5. O-O Bg7 6. d3 Nh6 7. h3 O-O 8.
Be3 f5 9. Qc1 fxe4 10. dxe4 Nf7 11. Bxc5 d6 12. Rd1 Ne5 13. Nxe5 Bxe5 14. Bd4
Bxd4 15. Rxd4 Qb6 16. Rd2 Rb8 17. b3 d5 18. Qb2 dxe4 19. Qe5 Bf5 20. Nc3 Rbd8
21. Rad1 Rxd2 22. Rxd2 Qb4 23. g4 e3 24. Qxe3 Bc8 25. Ne4 Qa3 26. Qc5 Qxc5 27.
Nxc5 h5 28. Rd4 hxg4 29. hxg4 Kg7 30. Kg2 g5 31. Kg3 Kg6 32. Ra4 a6 33. Nxa6
Rf4 34. Nc5 Rxa4 35. bxa4 1-0

[Event "M.Chigorin Memorial"]
[Site "St. Petersburg RUS"]
[Date "2009.10.17"]
[Round "2.95"]
[White "Tolkachiov, Vladimir"]
[Black "Kharashuta, Ekaterina"]
[Result "1/2-1/2"]
[WhiteElo "2013"]
[BlackElo "2257"]
[PlyCount "167"]
[EventDate "2009.??.??"]

1. e4 d6 2. d4 Nf6 3. Nc3 e5 4. dxe5 dxe5 5. Qxd8+ Kxd8 6. Bc4 Be6 7. Bxe6 fxe6
8. f3 a6 9. Be3 Bb4 10. Nge2 Ke7 11. a3 Bd6 12. Nc1 Nbd7 13. Nd3 c5 14. O-O h6
15. Rf2 Rhc8 16. Rd2 b5 17. Rad1 Rc6 18. Nb1 Nb6 19. b3 Rac8 20. Nb2 Ne8 21. c3
c4 22. b4 Ra8 23. a4 Nd7 24. a5 Rac8 25. Rc2 Nef6 26. Rf1 Rg8 27. Nd1 Rcc8 28.
Nf2 g5 29. h3 h5 30. Rd1 g4 31. Rcd2 Rc6 32. hxg4 hxg4 33. Kf1 gxf3 34. gxf3
Nh5 35. Ng4 Ng3+ 36. Ke1 Nxe4 37. Nh6 Rg3 38. fxe4 Rxe3+ 39. Kf2 Rd3 40. Rxd3
cxd3 41. Rxd3 Nf6 42. Kf3 Rc8 43. Ng4 Nh5 44. Rd1 Rf8+ 45. Kg2 Nf4+ 46. Kg3 Rh8
47. Nf2 Bb8 48. Rh1 Rg8+ 49. Ng4 Kd6 50. Rh7 Kc6 51. Kf3 Rd8 52. Nf2 Bc7 53.
Ke3 Rg8 54. Nd2 Rg1 55. Nb3 Bd6 56. Ra7 Bxb4 57. Rxa6+ Kc7 58. Kd2 Rg3 59. Nd1
Ba3 60. Rb6 b4 61. Rb5 Rg2+ 62. Ke3 Re2+ 63. Kf3 Re1 64. Rc5+ Kb8 65. Ne3 Rh1
66. Rxe5 Nd3 67. Rxe6 bxc3 68. Nc2 Bc5 69. e5 Rh2 70. Ke4 Nf2+ 71. Kd5 Nd3 72.
Kc4 Nb2+ 73. Kxc3 Na4+ 74. Kd3 Rh3+ 75. Kc4 Rc3+ 76. Kb5 Rxb3+ 77. Kxa4 Rb2 78.
Rc6 Be7 79. Rc4 Kb7 80. Nd4 Ra2+ 81. Kb5 Rb2+ 82. Ka4 Ra2+ 83. Kb5 Rb2+ 84. Ka4
1/2-1/2

[Event "M.Chigorin Memorial"]
[Site "St. Petersburg RUS"]
[Date "2009.10.17"]
[Round "2.96"]
[White "Solovjova, Valentina"]
[Black "Walseth, Tron"]
[Result "1-0"]
[WhiteElo "2257"]
[BlackElo "2020"]
[PlyCount "123"]
[EventDate "2009.??.??"]

1. e4 c5 2. Nf3 Nc6 3. c3 Nf6 4. e5 Nd5 5. d4 cxd4 6. cxd4 e6 7. Bc4 d6 8. O-O
Be7 9. Qe2 O-O 10. Nc3 Ncb4 11. Ne4 a6 12. a3 b5 13. Bb3 Nc6 14. Bc2 dxe5 15.
dxe5 Qc7 16. Neg5 g6 17. Nh3 Bb7 18. Bh6 Rfd8 19. Rac1 Nb6 20. Rfe1 Rac8 21.
Bb1 Qb8 22. Bg5 Nc4 23. Bf6 Bxf6 24. exf6 Qd6 25. Rcd1 Qf8 26. Nhg5 Rxd1 27.
Rxd1 Rd8 28. Rc1 Qd6 29. Re1 N6e5 30. Nxe5 Qxe5 31. Qxe5 Nxe5 32. h3 Nc4 33.
Rc1 h6 34. Be4 Bxe4 35. Nxe4 Nxb2 36. Rc6 Nc4 37. Rxa6 g5 38. Ra7 Nd6 39. Nc5
Kh7 40. Nxe6 Re8 41. Nd4 Rd8 42. Ra6 Kg6 43. Nc6 Re8 44. Nd4 Rd8 45. f3 h5 46.
h4 gxh4 47. f4 Ne4 48. Nf3 Rd1+ 49. Kh2 Nxf6 50. Nxh4+ Kg7 51. Nf3 Rd3 52. Ra7
Rb3 53. Kg3 Kg6 54. Kh4 Ng4 55. f5+ Kg7 56. Kxh5 Ne3 57. Ng5 Nxg2 58. Rxf7+ Kg8
59. Rd7 Rd3 60. Rb7 Rd5 61. f6 Nf4+ 62. Kh6 1-0

[Event "M.Chigorin Memorial"]
[Site "St. Petersburg RUS"]
[Date "2009.10.17"]
[Round "2.97"]
[White "Jafari, Golnaz"]
[Black "Zakharchenko, Arnold"]
[Result "1/2-1/2"]
[WhiteElo "1999"]
[BlackElo "2255"]
[PlyCount "55"]
[EventDate "2009.??.??"]

1. e4 g6 2. d4 Bg7 3. Nf3 d6 4. c4 Nc6 5. Nc3 Bg4 6. Be3 Bxf3 7. gxf3 e5 8. d5
Nce7 9. c5 Nf6 10. cxd6 cxd6 11. Bb5+ Kf8 12. Qd2 Nh5 13. Rc1 f5 14. Bh6 f4 15.
Bg5 Bf6 16. Bxf6 Nxf6 17. Be2 Kf7 18. Nb5 Ne8 19. O-O a6 20. Na3 g5 21. Nc4 Rb8
22. Qb4 Rg8 23. Kh1 Rg6 24. Nb6 Nf6 25. Rg1 Ne8 26. a4 Rg7 27. a5 Rg6 28. Qb3
1/2-1/2

[Event "M.Chigorin Memorial"]
[Site "St. Petersburg RUS"]
[Date "2009.10.17"]
[Round "2.98"]
[White "Balakirev, Ilya"]
[Black "Bajaramov, Elvin"]
[Result "0-1"]
[WhiteElo "2255"]
[BlackElo "2019"]
[PlyCount "38"]
[EventDate "2009.??.??"]

1. e4 e5 2. Nf3 Nf6 3. d4 Nxe4 4. Bd3 d5 5. Nxe5 Bd6 6. O-O O-O 7. c4 c6 8. Nc3
Nxc3 9. bxc3 Nd7 10. f4 Nf6 11. Qe1 dxc4 12. Nxc4 Re8 13. Qh4 Be7 14. Ne5 c5
15. Be3 h6 16. Bc4 Rf8 17. Ng6 b5 18. Rad1 bxc4 19. dxc5 Nd5 0-1

[Event "M.Chigorin Memorial"]
[Site "St. Petersburg RUS"]
[Date "2009.10.17"]
[Round "2.99"]
[White "Kaganskiy, Gleb"]
[Black "Orlov, Anatoly"]
[Result "1-0"]
[WhiteElo "2248"]
[BlackElo "2009"]
[PlyCount "61"]
[EventDate "2009.??.??"]

1. Nf3 Nf6 2. c4 c6 3. Nc3 d5 4. d4 g6 5. cxd5 cxd5 6. Bf4 Bg7 7. e3 O-O 8. Be2
Nc6 9. Ne5 Nd7 10. Nxd7 Qxd7 11. O-O b6 12. Rc1 Bb7 13. Qa4 e6 14. Nb5 a6 15.
Nd6 b5 16. Qc2 e5 17. Nxb7 Qxb7 18. Qxc6 Qxc6 19. Rxc6 exf4 20. Bf3 fxe3 21.
fxe3 Bh6 22. Re1 Rfe8 23. Kf2 Re6 24. Bxd5 Rxc6 25. Bxc6 Rd8 26. Ke2 f5 27. Kd3
Bg7 28. g3 Rd6 29. Bb7 Rb6 30. Bd5+ Kf8 31. Rc1 1-0

[Event "M.Chigorin Memorial"]
[Site "St. Petersburg RUS"]
[Date "2009.10.17"]
[Round "2.100"]
[White "Zheleznaykov, Peter"]
[Black "Vunder, Andrey"]
[Result "0-1"]
[WhiteElo "1990"]
[BlackElo "2246"]
[PlyCount "58"]
[EventDate "2009.??.??"]

1. d4 d5 2. c4 e6 3. Nc3 c5 4. Nf3 Nc6 5. cxd5 exd5 6. e3 Nf6 7. Be2 cxd4 8.
Nxd4 Bd6 9. O-O O-O 10. Ncb5 Bb8 11. Nf3 Re8 12. b3 Ne4 13. Bb2 Bg4 14. Nd2 Bf5
15. Nd4 Qd6 16. N2f3 Bg4 17. Nb5 Qh6 18. g3 Bh3 19. Re1 Nxf2 20. Qxd5 Be6 21.
Qd2 Ne4 22. Qc1 Bg4 23. Nbd4 Bxg3 24. hxg3 Qh3 25. Bf1 Qxg3+ 26. Bg2 Bxf3 27.
Nxf3 Qf2+ 28. Kh1 Re6 29. Ng1 Rh6+ 0-1